| 000 | 01826nam0a2200373 4500 | ||
|---|---|---|---|
| 001 | RU\NLR\bibl\1429722 | ||
| 005 | 20260406025934.0 | ||
| 010 |
_a978-5-91731-004-6 _9500 _bв пер. |
||
| 021 |
_aRU _b2009-68250 _94218 |
||
| 035 | _a(nilc)RSL-KNO-004375885 | ||
| 035 | _a(NLR Aleph) 001421637 | ||
| 090 |
_a1346414 _c1346414 |
||
| 100 | _a20090820d2009 |||y0rusy50 ca | ||
| 101 | 0 | _arus | |
| 102 | _aRU | ||
| 105 | _aa ||||||||| | ||
| 200 | 1 |
_aСоединительнотканные дисплазии скелета человека _e(пренатальная и постнатальная диагностика и прогнозирование) _fВ.М. Яковлев, Р.С. Карпов, Е.Г. Бакулина |
|
| 210 |
_aМосква _cУИЦ XXI век _d2009 |
||
| 215 |
_a191, [1] с. _cил. _d22 |
||
| 320 | _aБиблиогр.: с. 190-192 (35 назв.) | ||
| 606 | 1 |
_aКости _xДисплазия _xПренатальная диагностика _92577422 _3RU\NLR\auth\661523852 |
|
| 606 | 1 |
_aКости _xДисплазия у детей _xДиагностика _92577423 _3RU\NLR\auth\661523853 |
|
| 686 |
_aР418.11,5,07 _2rubbk |
||
| 686 | _aР716.212.2-4 | ||
| 686 | _aР733.552 | ||
| 700 | 1 |
_4070 _8rus _7ca _aЯковлев _bВ. М. _cд-р мед. наук _f1924- _gВиктор Максимович _3RU\NLR\auth\77338 _9110393 |
|
| 701 | 1 |
_4070 _8rus _7ca _aКарпов _bР.С. _cд-р мед. наук _f1937- _gРостислав Сергеевич _3RU\NLR\auth\77339 _9110394 |
|
| 701 | 1 |
_4070 _8rus _7ca _aБакулина _bЕ. Г. _cврач-кардиолог _gЕлена Геннадиевна _3RU\NLR\auth\7736248 _919238 |
|
| 801 | 0 |
_aRU _bРКП _c20090820 _grcr |
|
| 801 | 1 |
_aRU _bРГБ _c20090820 |
|
| 801 | 2 |
_aRU _bNLR _c20091026 _grcr |
|
| 942 | _cBOOK | ||
| 980 | _aNB | ||